|
|
|
|
| LEADER |
01269nam a22003252i 4500 |
| 001 |
001498720 |
| 003 |
CZ BrMZK |
| 005 |
20160502093327.0 |
| 007 |
ta |
| 008 |
151126s1954 pl er|||||||||||pol d |
| 040 |
|
|
|a ABA001
|b cze
|c ABA001
|d ABA001
|d BOA001
|e rda
|
| 041 |
1 |
|
|a pol
|h ger
|h cze
|
| 100 |
1 |
|
|a Kollár, Ján,
|d 1793-1852
|7 jk01061359
|4 aut
|
| 245 |
1 |
0 |
|a Wybór pism /
|c J. Kollár ; opracował H. Batowski ; przetłumaczył z nemieckiej wersji H. Batowski, z oryginalnych wydań czeskich A. Bielowski, E. Bojanowski
|
| 250 |
|
|
|a 1. wydanie
|
| 264 |
|
1 |
|a Wrocław :
|b Zakład Narodowy imienia Ossolińskich,
|c 1954
|
| 300 |
|
|
|a 129, 190 stran
|
| 336 |
|
|
|a text
|b txt
|2 rdacontent
|
| 337 |
|
|
|a bez média
|b n
|2 rdamedia
|
| 338 |
|
|
|a svazek
|b nc
|2 rdacarrier
|
| 490 |
1 |
|
|a Biblioteka narodowa ;
|v seria 2, numer 89
|
| 504 |
|
|
|a Obsahuje bibliografii
|
| 700 |
1 |
|
|a Batowski, Henryk,
|d 1907-1999
|7 mzk2003195481
|4 edt
|4 trl
|
| 700 |
1 |
|
|a Bielowski, August,
|d 1806-1876
|7 ola2003196244
|4 trl
|
| 700 |
1 |
|
|a Bojanowski, E.
|4 trl
|
| 830 |
|
0 |
|a Biblioteka Narodowa (Zakład Narodowy imienia Ossolińskich)
|
| 910 |
|
|
|a BOA001
|b M1-0901.154
|
| 990 |
|
|
|a BK
|
| 991 |
|
|
|b 201510
|
| 996 |
7 |
|
|b 2619138544
|c M1-0901.154
|l MZK
|r Sklad / do 24 hodin
|n 0
|w 001533930
|u 000010
|a 1
|e BOA001
|j MZK50
|s A
|